Fabvl 2022 Songs - Statistics

General Stats
  • This quiz has been taken 16 times
  • The average score is 15 of 16
Answer Stats
Inspired By Song Name Feature % Correct
Kakashi from Naruto All Alone DizzyEight
100%
Asta from Black Clover Breaking Me Down None
100%
Dabi from My Hero Academia Cross My Heart Reimagined None
100%
Grimmjow from Bleach Devil In My Soul None
100%
Gyutaro from Demon Slayer Entertainment District None
100%
Tanjiro from Demon Slayer Hurricane Sinewave Fox
100%
Eren Jaeger from Attack On Titan Let It All Burn None
100%
Guts from Beserk Lost It All None
100%
David from Cyberpunk: Edgerunners Moonwalker None
100%
Thorfinn from Vinland Saga No One To Blame None
100%
Obito from Naruto On My Own DizzyEight
100%
Shigakari from My Hero Academia World I Never Knew None
100%
Griffith from Beserk Hiding in the Dark Andrea Storm Kaden
92%
Vegeta from Dragon Ball Z Last One Standing Cam Steady
92%
Original Song War! None
83%
Aizen from Bleach Savag3 DizzyEight
50%
No matching quizzes found
Score Distribution
Percent of People with Each Score
Percentile by Number Answered
Your Score History
You have not taken this quiz